[Event "London Classic 2nd"]
[Site "London"]
[Date "2010.12.15"]
[Round "7"]
[White "Nakamura, Hikaru"]
[Black "Adams, Michael"]
[Result "1/2-1/2"]
[WhiteElo "2741"]
[BlackElo "2723"]
[Annotator "Marin,M"]
[PlyCount "125"]
[EventDate "2010.12.06"]
[EventType "tourn"]
[EventRounds "7"]
[EventCountry "ENG"]
[EventCategory "19"]
[SourceTitle "CBM 140"]
[Source "ChessBase"]
[SourceDate "2011.01.18"]
[SourceVersion "1"]
[SourceVersionDate "2011.01.18"]
[SourceQuality "1"]

1. e4 e5 2. Nf3 Nc6 3. Bb5 a6 4. Ba4 Nf6 5. O-O Be7 6. Re1 b5 7. Bb3 O-O 8. c3
d5 9. exd5 Nxd5 10. Nxe5 Nxe5 11. Rxe5 c6 12. Re1 Bd6 13. d3 ({At the present
stage of theory, this modest advance seems to face Black with bigger problems
than the classical} 13. d4 {. The text move delays the weakening of the
e4-square (I say "delays" and not "prevents" because the pawn is vulnerable on
d3 and likely to be eliminated at a later stage) and does not obstruct its own
dark-squared bishop.}) 13... Bf5 14. Qf3 Qh4 15. g3 Qh3 16. Bxd5 cxd5 17. a4 $5
$146 {This is a typical Spanish move and even more typical in the classic main
lines of the Marshall Attack. Curiously, it has not been played in this
concrete position yet.} (17. Bf4 {is not too effective because White cannot
carry out the exchange of the dark-squared bishops without weakening his
kingside structure:} Bg4 $1 18. Qg2 Bxf4 19. Qxh3 (19. gxf4 d4 20. Qg3 $2 Rad8
21. c4 Rd6 22. Re5 f5 23. Nd2 Rg6 $19 {Kotronias,V (2607)-Grischuk,A (2719)/
Tripoli 2004/CBM 102 (0-1, 37)}) 19... Bxh3 20. gxf4 d4 21. Nd2 {It is best to
maintain the tension and keep developing.} (21. cxd4 $6 Rfd8 22. Re3 Bf5 23. a4
b4 24. Nd2 Rxd4 25. Ne4 g6 26. Rc1 Rad8 $15 {Grischuk,A (2702)-Tkachiev,V 
(2633)/Prague 2002/CBM 089 (1/2, 55)}) 21... Rfd8 (21... dxc3 $6 {releases the
tension too soon, removing the control over the e3-square.} 22. bxc3 Rfd8 23.
Re3 $1 {This move is not available in the main line.} Bf5 24. Ne4 Rac8 25. a4
$14 {Bauer,C (2582)-Adams,M (2723)/Senat 2003/CBM 094 ext (1/2, 33)}) 22. c4
Rd6 23. Re5 (23. Kh1 Rg6 24. Rg1 Rf6 25. Rg3 Bd7 $13 {[%csl Gf4]}) 23... bxc4 (
23... f5 $2 24. Kh1 $16) 24. Nxc4 Rg6+ $1 {since Black has no time to play ...
f5, he has to find another way of creating immediate threats.} 25. Rg5 Rf6 {
It appears that the white rook has been attracted to a square from where it is
impossible to defend Pf4.} 26. Rh5 Rg6+ 27. Rg5 $11) (17. Qxd5 Rad8 18. Qg2 {
has caused Black some occasional defeats over the past years.} Qh5 {looks more
critical.} (18... Qxg2+ 19. Kxg2 Bxd3 20. Be3 {leads to a rather one-sided
queenless middlegame in which the white king feels relatively safe, but
converting the extra pawn remains far from easy.} Be4+ {This seems to be the
latest trend. The bishop retreats to the long diagonal before it is too late.}
(20... Rfe8 21. Nd2 f6 22. Bb6 Rb8 23. Rxe8+ Rxe8 24. Nb3 Bc4 25. Rd1 Bf8 26.
Be3 Kf7 27. Na5 Be6 28. a3 $14 {Shirov,A (2739)-Karjakin,S (2694)/
Khanty-Mansiysk 2007/CBM 122 (1-0, 70). Black's bishops are temporarily
passive, thus leaving White a free hand to develop his initiative.}) 21. f3 Bc6
22. Nd2 Rfe8 23. Bd4 h5 24. Kf2 f6 25. Rxe8+ Rxe8 26. Nf1 Kf7 27. Ne3 Rd8 28.
a3 Bc7 29. Re1 Rd7 {and White did not manage to breakthrough in Leko,P (2741)
-Aronian,L (2763)/Yerevan 2008/CBM 124 Extra (1/2, 41)}) 19. Be3 Bh3 {leads to
sharper play. Black is in no hurry to diminish the material diasdvantage, but
plays for the attack.} (19... Bxd3 {aims to keep the material disadvantage
within tolerable limits.} 20. Nd2 Bf5 $6 {This loses too much time.} (20... b4
$5 {, as played in a little known old correspondence game may offer better
chances to question White's stability in the centre, Odehnal,M (2450)-Zacek,J 
(2305)/corr 1998/Corr 2000 (1/2, 24)}) 21. Qc6 Be6 22. Qxa6 Qd5 23. Qb6 Bh3 24.
f3 f5 25. Qd4 Qc6 26. Qh4 Bc5 27. Bd4 $16 {Shirov,A (2739)-Jakovenko,D (2710)/
Khanty-Mansiysk 2007/CBM 122 (1-0, 43). White has parried the attack and can
enjoy his material advantage.}) 20. Qh1 f5 21. Bb6 (21. f4 {prevents ...f4
physically, but weakens the light squares too much.} Bc7 22. Nd2 Rxd3 23. Nb3
Bg4 $1 {The start of a long regrouping, aimed at creating a strong battery
along the long light diagonal.} 24. Qg2 Bf3 25. Qf2 Ba8 26. Nc5 Rd6 27. Bd4 Qf7
$44 {Shirov,A (2740)-Jakovenko,D (2711)/Dagomys 2008/CBM 124 (1/2, 48)}) 21...
Rd7 22. Qd5+ Kh8 23. Nd2 Bxg3 24. Qxd7 Bf4 {A critical position for this line.
White has a huge material advantage, but his king is insecure. There are no
clear threats from either side, which makes the position difficult to analyse.}
25. Qb7 Bxd2 26. Bd4 Rg8 27. Re7 Bc1 $1 28. Re1 Bf4 {Sutovsky,E (2654)
-Jakovenko,D (2709)/Poikovsky 2008/CBM 125 (1/2, 38)}) 17... Rae8 (17... b4 {
, preventing the activation of the a1-rook, deserves being investigated.} 18.
Qxd5 Rad8 {The position is similar to that examined in the previous comment
and I am not sure that the insertion of the moves a4 and ...b4 really favours
White.}) 18. Bd2 $8 {Not a very natural way to develop, but the only way to
avoid problems.} (18. Be3 Bxd3) (18. Rxe8 $6 {gives up the control of the
e-file without reason.} Rxe8 19. Bd2 Bc5 $36 {/\...Bg4, ...Re2}) 18... Bg4 19.
Qxd5 Rd8 20. d4 (20. Qc6 {does not achieve much, because the queen has to keep
the f3-square defended in order to prevent ...Bf3.} Rc8 21. Qe4 Rce8) ({
I see no obvious reason to refrain from} 20. axb5 {, though, since} Bxg3 21.
Qg2 {will leave White with a dangerous mass of passed pawns after bxa6 or Rxa6.
In the event of}) (20. axb5 axb5 21. d4 Bxg3 22. Qg2 {transposes to the note
to Black's 20th move.}) 20... b4 {This eventually worked out well, but it
seems that it is not the best moment to block the queenside.} (20... Bxg3 {
leads to a slightly inferior version of the game ending, because it allows the
opening of the a-file.} 21. Qg2 Bc7 22. Qxh3 Bxh3 23. axb5 axb5 24. Ra6 $5 $14
{Having prevented the black rook's activation along the sixth rank, White can
hope to capitalise on his material advantage.}) 21. Be3 ({Once the a6-f1
diagonal has been cleared,} 21. Qc6 $1 {certainly makes sense.} Rc8 22. Qxa6 $1
Bf3 23. Qf1 {Black still has some pressure, but he has lost another pawn on
the way.}) 21... bxc3 22. bxc3 Bxg3 23. Qg2 Bc7 24. Qxh3 Bxh3 25. Nd2 Rd6 $44 {
Black's compensation seemt entirely adequate. Black's bishops are strong, the
white king is weak and the central pawns cannot easily be advanced and may
even be subjected to serious pressure.} 26. Kh1 Ba5 {An unpleasant pin. It
should be noticed that this move is possible only because White did not open
the a-file when allowed.} 27. Rac1 Be6 28. Bf4 Rc6 29. Re3 Rd8 30. Kg2 {
The king has somewhat improved its state of security, but making progress
remains difficult because of the dominating black bishops.} h6 31. Ne4 Bd5 32.
f3 Rc4 33. Nc5 {This will lead to drawish simplifications.} Bb6 34. Nxa6 Bxd4
35. Rd3 Bf6 36. Nb4 Bb7 37. Rxd8+ Bxd8 38. Rd1 Ba5 {The bishop returns to this
square after a long tour.} 39. Bd2 g5 {Since everything is under control on
the queenside, Black starts advancing his kingside majority, renewing the
threats against the white king.} 40. h3 Rc5 41. Re1 Rf5 42. Re3 h5 43. Nc2 Kf8
44. Nd4 Rd5 45. Bc1 Bb6 46. Ba3+ Kg7 47. Re7 Bxd4 48. Rxb7 Bxc3 $11 {Finally,
the danger of getting an opposite coloured bishops ending has dissapeared, but
the extra pawn also has vanished. The outside passed pawn does not offer
winning chances because of the unfavourable kingside structure.} 49. Bc1 Kg6
50. Rb5 Rxb5 51. axb5 Bd4 52. Bd2 Bb6 53. Be1 Kf5 54. Bf2 Bxf2 55. Kxf2 Ke6 56.
f4 (56. Ke3 f5 $11) 56... f6 57. b6 Kd7 58. Kf3 Kc6 59. fxg5 fxg5 60. Ke4 {
Fully in accordance of the Sofia rule.} Kxb6 61. Kf5 g4 62. hxg4 hxg4 63. Kxg4
1/2-1/2

[Event "Moscow Tal Memorial 1st"]
[Site "Moscow"]
[Date "2006.11.10"]
[Round "4"]
[White "Shirov, Alexei"]
[Black "Aronian, Levon"]
[Result "0-1"]
[WhiteElo "2720"]
[BlackElo "2741"]
[Annotator "Marin,M"]
[PlyCount "116"]
[EventDate "2006.11.06"]
[EventType "tourn"]
[EventRounds "9"]
[EventCountry "RUS"]
[EventCategory "20"]
[SourceTitle "CBM 116"]
[Source "ChessBase"]
[SourceDate "2007.02.01"]
[SourceVersion "1"]
[SourceVersionDate "2007.02.01"]
[SourceQuality "1"]

1. e4 e5 2. Nf3 Nc6 3. Bb5 a6 4. Ba4 Nf6 5. O-O Be7 6. Re1 b5 7. Bb3 O-O 8. c3
{Well, somebody has to try fighting the Marshall Attack openly. Some day, a
playable variation should be found.} d5 9. exd5 Nxd5 10. Nxe5 Nxe5 11. Rxe5 c6
12. d4 Bd6 13. Re1 Qh4 14. g3 Qh3 15. Re4 g5 16. Qf1 Qh5 17. Nd2 Bf5 18. f3 {
All this is theory, of course. White's setup is quite ambitious: if Black
accepts the sacrifice immediately, after fxe4 White would get excellent
compensation, in view of his strong centre, active pair of bishops and Black's
weaknesses along the f-file. However, if Black delays the capture on e4, White
canot continue his development easily, because the knight which stands in the
way of the bishop has no squares at its disposal.} Nf6 19. a4 {Shirov's
favourite move.} ({A recent game at the highest possible level went} 19. Re1 {
(After the retreatment of the rook, White's whole concept loses coherence. Why
did he weaken his position with f3 for?)} Rae8 20. Rxe8 Rxe8 21. a4 $5 Qg6 $1
22. axb5 Bd3 23. Qf2 $2 (23. Qd1 Be2 24. Qe1 Bd3 25. Qd1 $11) 23... Re2 $19 {
Kramnik,V (2770)-Leko,P (2741)/Brissago 2004/CBM 103/[Knaak] (0-1, 32). This
opening catastrophe was caused by the fact that the computer needs some time
to change its evaluation from +/- to -+. Apparently Kramnik did not allocate
that amount of time to this position when preparing for the game.}) 19... Nxe4
20. Nxe4 ({The generally desirable} 20. fxe4 {would leave White slightly
behind in development.} Be6 (20... Bg6 21. Bd1 g4 22. Qf6 $14) 21. Bd1 (21. Qf6
Qg6) 21... Qg6 22. e5 Be7 23. Bf3 f6 $132) 20... Qg6 (20... Bxe4 $6 {would be
an obvious positional concession.} 21. fxe4 Kg7 22. Bd2 f6 23. Qf5 Qe2 24. Bc2
Rf7 25. e5 Qxd2 26. exd6 $5 (26. Qxh7+ Kf8 27. Qh8+ Ke7 28. exd6+ Kxd6 29. Qxa8
Qe3+ 30. Kh1 Qf3+ 31. Kg1 {1/2-1/2 Kurnosov,I (2517)-Azarov,S (2581)/Kusadasi
TUR 2006/TWIC 597}) 26... Rh8 (26... Kf8 27. axb5 cxb5 28. Rf1 $16 {[%cal
Yc2b3]}) 27. axb5 axb5 28. Qe4 $1 $16 {[%cal Ya1d1] /\Rd1 , and Black has to
weaken his king's position with either ...g4 or ...f5 in order to save Her
Majesty from the trap.}) 21. Nxd6 {It is not an easy decision to exchange the
active knight for this bishop.} ({The alternative was} 21. Nxg5 {but Black
seems to have sufficient play in this case, too.} Rae8 22. Ne4 Bxe4 (22... Bc7
23. Bc2 {would allow White consolidate.}) 23. fxe4 Rxe4 (23... Qxe4 $6 24. Bh6)
24. Bc2 f5 25. Bxe4 fxe4 $44 {White's king's position is quite weak.}) 21...
Qxd6 22. Bxg5 {From a material point of view, White is doing quite well.
However, his king's position has been seriously weakened during the previous
phase of the game, which makes the position rather-double edged. With his f-
and g-pawns on their initial squares he would probably be better, mainly
because he could annyhilate Black's pressure with Be3 or Bh4-g3. The way it is,
he has no reliable outposts for his bishops along the e-file.} Qg6 $146 {
Deviating from Shirov's game from the previous round. In such positions with
an unclear verdict, it is a good idea to be the first to produce an opening
surprise. With his last move, Black increases his control of the b1-h7
diagonal, which will serve him well during the fight for the e-file.} (22...
Rfe8 23. Re1 ({A possible plan would be the transfer of the bishop to e5 with} 
23. Bf4 Qg6 24. Qf2 h5 25. Be5 {. If Black will play ...f6 at some moment, the
bishop would maintain its stability with Bf4, while the black king's position
will have been weakened, too.}) 23... Qg6 24. Be7 Ra7 25. Bc5 Raa8 26. Be7 Ra7
27. Bc5 {1/2-1/2 Shirov,A (2720)-Leko,P (2741)/Moscow 2006.}) 23. Qc1 ({
White is not in time to exceute the plan suggested in the previous comment,
because after} 23. Bf4 {Black has} Bc2 {or 23...Be6, when the fact that White
does not control the c2-file with his queen comes into account.}) 23... Bd3 24.
axb5 {The exchange of one pair of rooks will leave White's back ranks
insufficiently defended.} ({Completing the development with} 24. Qd2 $5 Rae8
25. Rd1 {certainly deserved attention.} ({After} 25. Be3 Re7 26. Re1 Rfe8 27.
Kg2 h5 {White's position looks rather passive. The hidden dangers awaiting for
him are illustrated by the line} 28. axb5 axb5 29. Bd1 h4 30. g4 h3+ $5 31.
Kxh3 $2 Rxe3 32. Rxe3 Qh6+ $19) 25... Re2 $5 {Otherwise, Black would lose
stability on the dark squares.} (25... Bf5) 26. Qxd3 Rxb2 27. Qxg6+ hxg6 {
[%csl Gb3]} 28. axb5 axb5 29. d5 Rxb3 30. d6 (30. Bf6 {fails to create serious
threats and is in fact dangerous for White.} cxd5 31. Rd4 g5 32. Rxd5 Rb2 33.
Rxg5+ Kh7 34. c4 Rc2 35. Rxb5 Ra8 $36 {[%csl Gg1]}) 30... f6 31. Bxf6 Rxf6 32.
d7 Rf8 33. d8=Q Rxd8 34. Rxd8+ Kf7 35. Rd3 b4 36. Kf2 {with a most likely draw.
In several moments of this analysis, the weakness of the second rank and of
the f3-square make themselves felt.}) 24... axb5 25. Rxa8 Rxa8 26. Kf2 Bc4 27.
Bxc4 {The exchange of bishops leaves White without any counterplay, but Shirov
might have feared the rook's infiltration to e2.} bxc4 28. g4 Re8 29. Bf4 Qd3
30. Kg3 Qe2 31. Qb1 Qe1+ 32. Qxe1 Rxe1 {[%mdl 4096]} 33. Bd6 Rg1+ 34. Kf2 Rb1
35. Ba3 {The position has cleared. White faces a difficult psychological task.
All he can do is sit and wait, while Black can activate his position gradually.
} Kg7 36. Kg3 Kg6 37. h3 h5 38. Kh4 $2 {Shirov probably wanted to play
actively, but failed to foresee the problems raised by the king's plaement on
the edge of the board. Since there is no obvious improvement for White on the
way to his defeat, his last move might be the decisive mistake.} Rg1 $1 {
The best practical chance. The king will not be given a chance to return to
the centre.} 39. Bc5 Rg2 40. Ba3 f6 41. gxh5+ Kf5 42. f4 Rg8 {/\... Kxf4.} (
42... Kxf4 $6 {leads to an immediate draw because after} 43. h6 Rg8 44. Kh5 {
Black has nothing else left than force a perpetual with} Rg5+ $1 45. Kh4 Rg8
$11) 43. Bd6 Ke6 {The king returns to block the h-pawn. His white colleague
remains passive on the h-file.} 44. h6 $6 {Shirov probably missed Aronian's
brilliant plan.} ({However,} 44. Ba3 Kf7 45. Bd6 Rg2 46. Ba3 Kg7 {leads tu
zugzwang, costing White a pawn.} 47. Bb4 Rxb2 {[%cal Yb2b4,Rc4c1]} 48. Ba5 Rb5
49. Bd8 Rb8 50. Bc7 (50. Ba5 Kh6) 50... Rb3 51. Ba5 Kh6 52. Kg4 f5+ 53. Kh4 Rb2
{[%csl Gc3,Gf4,Gh5][%cal Yb2f2,Yf2f3] and it looks like White cannot resist
for too long.}) 44... Kxd6 45. Kh5 {Optically speaking, White's counterplay
seems sufficient for a draw.} f5 46. h7 Rh8 47. Kg6 Ke7 48. Kg7 Ke8 {Black's
plan is revealed now. He intends to force White capture on h8, when after ...
Kf7 he will get into zugzang soon.} 49. Kg6 Kf8 50. h4 Ke7 51. Kg7 Ke8 52. Kg6
Kf8 53. h5 Ke7 54. Kg7 Ke8 55. Kg6 Kf8 56. h6 Ke8 57. Kf6 (57. Kg7 Ke7 58. Kg6
Kf8 $18) 57... Rxh7 58. Kg6 Rf7 (58... Rf7 59. h7 Rf8 60. Kg7 Rh8 61. Kxh8 (61.
Kg6 Kf8) 61... Kf8 62. b4 cxb3 $19) 0-1